000 00489nam a2200181 i 4500
001 104479
003 ES-MaACL
005 20251018063058.0
007 t|
008 051130s1961 sp ||||1| spa d
100 1 _aMiller, Henry,
_d1891-1980
_9242368
245 1 0 _aDiagnóstico precoz /
_cHenry Miller.
250 _a[1ª ed.].
260 _aBarcelona :
_bSalvat,
_c1961.
300 _a382 p. ;
_c21 cm.
852 _aES-MaACL
_jC-22724
_bR.51440
999 _c104479
_d104479